000
00311nam a2200133Ia 4500
008
090707b ii f a fnsan d
100
_a
Jeet Singh
_9
4903
245
_a
Samkali Punjabi Galp:
_b
Vibhin Sarokar
260
_a
Patiala
260
_b
Gracious Books
260
_c
2017
300
_a
128p
942
_c
BK
999
_c
27221
_d
27221